000 00567nam a2200205Ia 4500
003 GCL
008 140319s9999 xx 000 0 eng d
040 _aGCL /
_cGCL
082 0 4 _a960.1
_bS A
100 1 _aSHAW, THURSTAN
245 1 0 _aTHE ARCHAEOLOGY OF AFRICA : FOOD, METALS AND TOWNS /
_cSHAW, THURSTAN
260 _a[S.N] :
_bROUTLEDGE ،
_c1993
300 _a857
650 0 4 _aARCHAEOLOGY
650 0 4 _aMAN PREHISTORIC, AFRICA
650 0 4 _aAFRICA - ANTIQUITIES
650 0 4 _aAGRICULTURE, PREHISTORIC, AFRICA
650 0 4 _aPREHISTORY
942 _2ddc
_cBK
999 _c10266
_d10266